Zulu Hart (Record no. 62464)

MARC details
000 -LEADER
fixed length control field 00521nam a2200157 a 4500
008 - FIXED-LENGTH DATA ELEMENTS--GENERAL INFORMATION
fixed length control field 161013s2009 ||||||||||||||||| || u
020 ## - INTERNATIONAL STANDARD BOOK NUMBER
International Standard Book Number 9780340953624
050 ## - LIBRARY OF CONGRESS CALL NUMBER
Classification number PR 6104.A848 Z455
100 ## - MAIN ENTRY--PERSONAL NAME
Personal name David, Saul
245 10 - TITLE STATEMENT
Title Zulu Hart
Statement of responsibility, etc. Saul David
260 ## - PUBLICATION, DISTRIBUTION, ETC.
Place of publication, distribution, etc. London
Name of publisher, distributor, etc. Hodder and Stoughton
Date of publication, distribution, etc. 2009
300 ## - PHYSICAL DESCRIPTION
Extent 376 p.
350 ## - PRICE (NR) (BK AM CF MU VM SE) [OBSOLETE]
Price 12.72
650 ## - SUBJECT ADDED ENTRY--TOPICAL TERM
Topical term or geographic name entry element ENGLISH LANGUAGE
995 ## - RECOMMENDATION 995 [LOCAL, UNIMARC FRANCE]
-- CBU-MAIN LIBRARY (Kitwe)
-- 12.72
-- 1
-- AVAILABLE
-- Oct 13, 2016
-- Fiction Collection
Holdings
Withdrawn status Lost status Source of classification or shelving scheme Damaged status Not for loan Home library Current library Shelving location Date acquired Total Checkouts Full call number Barcode Date last seen Price effective from Koha item type
          CBU-MAIN LIBRARY, KITWE. CBU-MAIN LIBRARY, KITWE.   11/30/2022   PR 6104.A848 Z455 746883 11/30/2022 11/30/2022 MONOGRAPH